000
00334nam a2200145Ia 4500
008
191201s2009 xx 000 0 und d
082
_a
658.45
_b
CHB
100
_a
CHATURVEDI,PD
245
0
_a
Business Communication
250
_a
7th IMP
260
_a
N. delhi
_b
pearson
_c
2009
300
_a
500
650
_a
BBA
942
_2
ddc
_c
BK
_0
2
999
_c
4424
_d
4424